| 000 | 00929cam a22002771 4500 | ||
|---|---|---|---|
| 001 | 7549936 | ||
| 003 | ARRUPE | ||
| 005 | 20240215111018.0 | ||
| 008 | 810627s1967 enkbf 000 0 eng | ||
| 010 | _a 67111049 | ||
| 015 | _aB67-21542 | ||
| 035 | _a(OCoLC)7535798 | ||
| 040 |
_aDLC _cFTaSU _dFTaSU _dOCoLC _dNN _dUk _dDLC |
||
| 050 | 0 | 0 |
_aDT962.7 _b.R35 |
| 082 | _a968.689/1 | ||
| 100 | 1 |
_aRanger, T. O. _931913 |
|
| 245 | 1 | 0 |
_aRevolt in Southern Rhodesia, 1896-7: _ba study in African resistance, _cby T. O. Ranger. |
| 260 |
_aLondon, _bHeinemann, _c1967. |
||
| 300 |
_axii, 403 p. _b12 plates (incl. facsims.), maps. _c23 cm. |
||
| 504 | _aBibliographical footnotes. | ||
| 650 | 0 |
_aIndigenous peoples _zZimbabwe. _910425 |
|
| 651 | 0 |
_aZimbabwe _xRace relations. _98885 |
|
| 651 | 0 |
_aZimbabwe _xHistory _yChimurenga War, 1896-1897. _952417 |
|
| 906 |
_a7 _bcbc _coclcrpl _du _encip _f19 _gy-gencatlg |
||
| 942 |
_2lcc _cMONOGRAPH |
||
| 999 |
_c131792 _d131792 |
||